000 004090000a22001210004500
090 _aAR
_b04178
100 1 _aMartín Piera, Fermín
_995970
245 1 0 _aArea networks for conserving Iberian insects
_sa case study of dung beetles (Col. Scarabaeoidea)
500 _a<Literatura de escarabajos coprófagos>
041 0 _aInglés
942 _cARTICULO
773 1 _tJournal of Insect Conservation
_q233-252
_d2001
_g5
999 _c13275
_d13275